100 cupboards / (Record no. 31448)

MARC details
000 -LEADER
fixed length control field 01500cam a2200433 a 4500
001 - CONTROL NUMBER
control field 84152805
003 - CONTROL NUMBER IDENTIFIER
control field OCoLC
005 - DATE AND TIME OF LATEST TRANSACTION
control field 20260109054431.0
008 - FIXED-LENGTH DATA ELEMENTS--GENERAL INFORMATION
fixed length control field 070205s2007 nyu c 000 1 eng
010 ## - LIBRARY OF CONGRESS CONTROL NUMBER
LC control number 2007000164
020 ## - INTERNATIONAL STANDARD BOOK NUMBER
International Standard Book Number 9780375838811
Qualifying information (trade)
020 ## - INTERNATIONAL STANDARD BOOK NUMBER
International Standard Book Number 0375838813
Qualifying information (trade)
020 ## - INTERNATIONAL STANDARD BOOK NUMBER
International Standard Book Number 9780375938818
Qualifying information (lib. bdg.)
020 ## - INTERNATIONAL STANDARD BOOK NUMBER
International Standard Book Number 0375938818
Qualifying information (lib. bdg.)
020 ## - INTERNATIONAL STANDARD BOOK NUMBER
International Standard Book Number 9780375838828
Qualifying information (pbk.)
020 ## - INTERNATIONAL STANDARD BOOK NUMBER
International Standard Book Number 0375838821
Qualifying information (pbk.)
020 ## - INTERNATIONAL STANDARD BOOK NUMBER
International Standard Book Number 9780606074896
Qualifying information (Turtleback Books)
035 ## - SYSTEM CONTROL NUMBER
System control number (OCoLC)84152805
040 ## - CATALOGING SOURCE
Original cataloging agency DLC
Transcribing agency DLC
Modifying agency BTCTA
-- BAKER
-- LF3
-- SO$
042 ## - AUTHENTICATION CODE
Authentication code lcac
082 00 - DEWEY DECIMAL CLASSIFICATION NUMBER
Classification number [Fic]
Edition number 22
092 ## - LOCALLY ASSIGNED DEWEY CALL NUMBER (OCLC)
Filing suffix J
Classification number WILSON
100 1# - MAIN ENTRY--PERSONAL NAME
Personal name Wilson, Nathan D.
Relator term author.
245 10 - TITLE STATEMENT
Title 100 cupboards /
Statement of responsibility, etc. N.D. Wilson.
246 3# - VARYING FORM OF TITLE
Title proper/short title One hundred cupboards.
250 ## - EDITION STATEMENT
Edition statement 1st ed.
260 ## - PUBLICATION, DISTRIBUTION, ETC. (IMPRINT)
Place of publication, distribution, etc. New York :
Name of publisher, distributor, etc. Random House,
Date of publication, distribution, etc. c2007.
300 ## - PHYSICAL DESCRIPTION
Extent 289 p. ;
Dimensions 22 cm.
520 ## - SUMMARY, ETC.
Summary, etc. After his parents are kidnapped, timid twelve-year-old Henry York leaves his sheltered Boston life and moves to small-town Kansas, where he and his cousin Henrietta discover and explore hidden doors in his attic room that seem to open onto other worlds.
650 #0 - SUBJECT ADDED ENTRY--TOPICAL TERM
Topical term or geographic name as entry element Doors
Form subdivision Juvenile fiction.
650 #0 - SUBJECT ADDED ENTRY--TOPICAL TERM
Topical term or geographic name as entry element Magic
Form subdivision Juvenile fiction.
650 #0 - SUBJECT ADDED ENTRY--TOPICAL TERM
Topical term or geographic name as entry element Space and time
Form subdivision Juvenile fiction.
650 #0 - SUBJECT ADDED ENTRY--TOPICAL TERM
Topical term or geographic name as entry element Cousins
Form subdivision Juvenile fiction.
650 #0 - SUBJECT ADDED ENTRY--TOPICAL TERM
Topical term or geographic name as entry element Families
Geographic subdivision Kansas
Form subdivision Juvenile fiction.
651 #0 - SUBJECT ADDED ENTRY--GEOGRAPHIC NAME
Geographic name Kansas
Form subdivision Juvenile fiction.
830 #0 - SERIES ADDED ENTRY--UNIFORM TITLE
Uniform title 100 cupboards ;
Volume number/sequential designation bk 1.
907 ## - LOCAL DATA ELEMENT G, LDG (RLIN)
a .b211477369
942 ## - ADDED ENTRY ELEMENTS (KOHA)
Koha item type Libro/Book
Holdings
Withdrawn status Lost status Source of classification or shelving scheme Damaged status Not for loan Home library Current library Date acquired Total Checkouts Full call number Barcode Date last seen Price effective from Koha item type
    Dewey Decimal Classification     San Juan Del Sur -- Biblioteca San Juan Del Sur -- Biblioteca 09/01/2026   YA 30031051 09/01/2026 09/01/2026 Libro/Book

Powered by Koha